000 00991cam a2200313 a 4500
001 110778
005 20230410103902.0
008 110511s2011 sp 000 0 spa
035 _a16822516
925 0 _aacquire
_b1 shelf copy
_xpolicy default
942 _2lcc
_cbk
010 _a 2011393934
020 _a9788483195925
035 _a(SP-BaPL)pu110004344
040 _aDLC
_cDLC
043 _aa-is---
050 1 4 _a416 DS 126.5
_bM396i 2011
100 1 _aMasegosa, Alberto,
_d1957-
245 1 0 _aIsrael :
_bcrónica del país del libro /
_cAlberto Masegosa ; prólogo de Enric González.
260 _aMadrid :
_bLibros de la Catarata,
_cc2011.
300 _a206 p. ;
_c21 cm.
440 0 _aCatarata ;
_v362
651 0 _aIsrael
_xSocial life and customs
_y20th century
651 0 _aIsrael
_xSocial conditions
_y20th century
651 4 _aIsrael
_xVida social y costumbres.
651 4 _aIsrael
_xCondiciones sociales.
923 _d20110607
_n174823
_sSP-BaPL
946 _aYSL
999 _c27745
_d27745